000
00279nam a22001217a 4500
041
_a
ENG
100
_a
65.060.80
245
_a
Forestry Tools - Dibble Iron-Specification
260
_a
New Delhi
_b
BIS
_c
1998
300
_a
02
650
_a
BIS-Test Code
856
_u
BIS-Test Code
999
_c
1991
_d
1991